Základy tovaroznalectva
Saved in:
| Main Author: | |
|---|---|
| Corporate Author: | |
| Format: | Book |
| Language: | Slovak |
| Published: |
Bratislava
Vysoká škola ekonomická
1983
|
| Tags: |
No Tags, Be the first to tag this record!
|
MARC
| LEADER | 00000nam a2200000 4500 | ||
|---|---|---|---|
| 001 | c133892 | ||
| 005 | 20190109125302.6 | ||
| 041 | 0 | |a slo | |
| 044 | |a SK | ||
| 245 | 1 | 0 | |a Základy tovaroznalectva |c Viliam Kováč a kol. |
| 264 | 1 | |a Bratislava |b Vysoká škola ekonomická |c 1983 | |
| 300 | |a 211 s. | ||
| 100 | 1 | |a Kováč, Viliam | |
| 710 | 2 | |a Vysoká škola ekonomická v Bratislave. Obchodná fakulta | |